[Event "69th NED-ch"]
[Site "Amsterdam NED"]
[Date "2013.07.11"]
[Round "7"]
[White "Van Kampen, Robin"]
[Black "Smeets, Jan"]
[Result "1-0"]
[WhiteElo "2595"]
[BlackElo "2643"]
[EventDate "2013.07.05"]
[PlyCount "73"]

1.e4 e5 2.Nf3 Nc6 3.Bb5 a6 4.Ba4 Nf6 5.O-O Be7 6.Re1 b5 7.Bb3 O-O 8.h3 Bb7
9.d3 d6 10.a3 Qd7 11.Nc3 Rae8 12.Be3 Bd8 13.a4 Na5 14.Ba2 c5 15.axb5 axb5 
16.Bg5 b4 17.Bxf6 Bxf6 18.Nd5 Bd8 19.c3 Qb5 20.cxb4 cxb4 21.Bb3 Nxb3 22.
Qxb3 Bxd5 23.Qxd5 Qxd5 24.exd5 Bb6 25.Ra6 Rb8 26.Nd2 b3 27.Nc4 Bc5 28.Nxd6
Rfd8 29.Nc4 f6 30.d6 Kf7 31.Kf1 Rd7 32.f4 exf4 33.Rc6 Bb4 34.Re4 Re8 35.
Rc7 Rxc7 36.dxc7 Rc8 37.Nb6 1-0